00550 a2200181 4500020001800000050002000018110002200038245005600060250002000116264004200136300001200178336002600190337002800216338002700244650002200271650005300293710002200346 a9781938238994 aKF303bMUL 2016 aThemis Bar Review aMultistate Bar Exam Skills and Strategies Workbook  a2016-17 edition a Chicago :bThemis Bar Review, c2016 avolumes 2rdacontentatextbtxt 2rdamediaaunmediatedbn 2rdacarrieravolumebnc a Bar examinations aBar examinations -- United States xStudy guides aThemis Bar Review